| 000 | 00642cam a22002291 4500 | ||
|---|---|---|---|
| 001 | med47000959 | ||
| 003 | DLC | ||
| 005 | 20260227111601.0 | ||
| 008 | 810622s1946 xx a 000 0 fre | ||
| 010 | _amed47000959 | ||
| 035 | _a(OCoLC)14751061 | ||
| 040 |
_aDLC _cDNLM _dDLC |
||
| 042 | _apremarc | ||
| 050 | 0 | 0 |
_aQM601 _b.G57 1946 |
| 060 | 0 |
_aQS 604 _bG528e 1946 |
|
| 100 | 1 |
_aGiroud, A. _q(Antoine), _d1898- |
|
| 245 | 1 | 0 |
_aEléments d'embryologie, _cpar ... A. Giroud ... et A. Lelièvre ... |
| 250 | _a2. éd. ... | ||
| 260 |
_aParis, _bLe François, _c1946. |
||
| 300 |
_a333 p. _bill. |
||
| 700 | 1 |
_aLelièvre, A. _q(André), _d1901- |
|
| 999 |
_c38225 _d38225 |
||